Programa de formació de regidors i tècnics de joventut / Oficina del Pla Jove
Publicado:
Barcelona :
Diputació de Barcelona. Oficina del Pla Jove : Pla de formació municipal ,
1994
Descripción Física:
21 p. ; 21 cm
MARC
| LEADER | 00000nam a2200000Ia 4500 | ||
|---|---|---|---|
| 001 | 17906 | ||
| 008 | 160829s1994 xx 000 0 cat d | ||
| 080 | |a FU-47-58 | ||
| 110 | 1 | |a Barcelona (Catalunya : Província). |b Oficina del Pla Jove |9 52707 | |
| 245 | |a Programa de formació de regidors i tècnics de joventut / Oficina del Pla Jove | ||
| 260 | |a Barcelona : |b Diputació de Barcelona. Oficina del Pla Jove : |b Pla de formació municipal, |c 1994 | ||
| 300 | |a 21 p. ; |c 21 cm | ||
| 650 | |a Regidors municipals |x Formació |9 39356 | ||
| 650 | |a Tècnics de joventut |x Formació |9 39357 | ||
| 710 | 1 | |a Barcelona (Catalunya : Província). |b Oficina del Pla Jove |9 52707 | |
| 901 | |a Arxiu | ||
| 942 | |n 1 | ||
| 952 | |0 0 |1 0 |4 0 |6 FU4758 |7 1 |9 48973 |a Arxiu |b Arxiu |d 2016-12-01 |l 0 |o FU-47-58 |p 17906 |r 2016-12-01 00:00:00 |w 2016-12-01 |y ARXIU | ||
| 999 | |c 52808 |d 52808 | ||